Top 10 most populous U.S states - Statistics

General Stats
  • This quiz has been taken 15 times
  • The average score is 9 of 10
Answer Stats
Hint Answer % Correct
39.6m California
100%
21.9m Florida
100%
19.2m New York
100%
29.7m Texas
100%
12.5m Illinois
92%
9.99m Michigan
92%
10.7m North carolina
92%
12.8m Pennsylvania
92%
10.8m Georgia
85%
11.7m Ohio
85%
No matching quizzes found
Score Distribution
Percent of People with Each Score
Percentile by Number Answered
Your Score History
You have not taken this quiz